[Event "1st Guwahati GM Open 2022"]
[Site "Guwahati"]
[Date "2022.03.16"]
[Round "4.4"]
[White "Iniyan, P."]
[Black "Gusain, Himal"]
[Result "1/2-1/2"]
[WhiteElo "2516"]
[BlackElo "2408"]
[Annotator "TA"]
[PlyCount "224"]
[EventDate "2022.03.15"]
[EventCountry "IND"]
[SourceTitle "playchess.com"]
[Source "ChessBase"]
[SourceQuality "1"]

{[%evp 15,224,-18,-14,-20,0,-62,7,0,8,1,68,0,36,37,39,51,70,58,40,48,70,40,75,57,97,95,209,209,194,196,189,186,196,176,186,147,150,133,118,117,148,141,141,141,584,560,321,-48,-43,-38,-40,-45,-42,-50,-37,-45,-50,-41,-32,-45,-28,-69,-69,-69,-69,-69,-41,-69,-69,-167,-156,-156,-156,-310,-302,-273,-294,-1106,-1010,-793,-374,-29963,-29963,-6609,-5600,-29966,-29968,-29969,-29971,-29972,-29973,-29973,-29974,-29974,-29975,-29975,-29976,-29976,-29977,-29977,-29977,-29977,-29978,-29978,-29979,-29979,-29972,-29969,-29972,-29969,-29974,-29976,-29977,-29977,-29978,-29980,-29977,-29977,-29978,-29979,-29980,-29980,-29977,-29977,-29974,-29973,-29975,-29979,-29980,-29980,-29979,-29979,-29978,-29978,-29979,-29979,-29977,-29977,-29977,-29977,-29978,-29977,-29978,-29979,-29975,-29975,-29977,-29976,0,-29956,0,-29975,0,-29973,0,-29977,-29979,-29979,-29980,-29979,-29978,-29978,-29977,-29980,-29981,-29981,-29982,-29982,-29980,-29979,-29980,-29980,0,0,0,0,0,0,0,0,0,0,0,0,0,0,0,0,0,0,0,0,0,0,0,0,0,0,0,0,0,0,0,0,0,0,0,0,0,0,0]} 1. d4 d5 2. c4 e6 3. Nf3 c6 4. g3 dxc4 5. Bg2 b5 6. O-O Bb7 7. Nc3 Nd7 8. a4 a6 $1 9. Ne5 {D30: Queen's Gambit Declined: Systems without Nc3.} Qc8 10. b3 (10. Ne4 $11) 10... cxb3 ({Black should try} 10... b4 $15 11. Ne4 Nxe5 12. dxe5 cxb3) 11. Qxb3 $11 Ngf6 12. Bg5 {[%cal Ra4b5] [#]} ({Much worse is} 12. axb5 cxb5 13. Bf4 Bxg2 14. Kxg2 b4 $15) 12... b4 $146 (12... Nxe5 $11 13. dxe5 Nd7) ({Predecessor:} 12... Nxe5 13. dxe5 Nd5 14. axb5 axb5 15. Rxa8 Qxa8 16. Nxd5 exd5 17. e6 f6 18. Bf4 Be7 {0-1 (27) Dev,S (2248)-Timofeev,A (2574) Chess.com INT 2022}) 13. Nxd7 {White is much more active. Black has bad knights.} ({Better is} 13. Bxf6 $14 gxf6 14. Nxd7 Qxd7 15. Ne4) 13... Qxd7 14. Bxf6 gxf6 15. Ne4 Be7 (15... Qxd4 $2 16. Rad1 Qe5 17. f4 $18 (17. Qd3 Qc7 $16)) 16. Nc5 Bxc5 17. dxc5 a5 18. Rad1 {[%mdl 1024] White has compensation.} Qe7 19. Rd6 O-O 20. Rfd1 $1 $36 {[%mdl 2048] Black is under strong pressure.} Rfd8 {Inhibits Rd7.} (20... Ra7 $16 {is a better defense.}) 21. Qd3 $18 {[%cal Rd6d8]} Rxd6 22. cxd6 Qd7 23. Qd4 c5 24. Qxf6 Qxa4 25. Rd3 {The board is on fire.} Bxg2 26. Kxg2 $16 {[%mdl 4096] Endgame KQR-KQR} Qd7 27. Qg5+ Kh8 28. Qxc5 f6 {Prevents Qe5.} (28... Qb7+ $2 29. f3 Qd7 30. Qe5+ f6 31. Qxf6+ Qg7 32. Qxe6 $18) 29. Qc7 Ra7 $2 {[%mdl 8192]} (29... Rd8 $16 {is a better chance.} 30. Qxa5 Rb8) 30. Qb8+ $1 $18 Kg7 {White must now prevent ...Qc6+.} 31. Rd4 $2 (31. f3 $18 b3 32. Rxb3) 31... Qc6+ $1 $15 (31... Qb7+ $2 32. Qxb7+ Rxb7 33. d7 $18) 32. f3 Ra8 33. Rc4 $1 {[#]} Qxf3+ $1 34. Kxf3 {White wants to mate with Qb7+.} Rxb8 {KR-KR} 35. Rc7+ Kg6 36. d7 $1 {Intending Rc8 and mate.} Rd8 37. Ra7 $1 e5 38. Ke4 (38. g4 $1 $11 {should be considered.}) 38... b3 $1 {Strongly threatening ...b2.} 39. Kd3 $1 a4 {[%cal Oa4a3]} 40. Kc3 Kf5 41. Rxa4 Rxd7 {[%cal Od7d4] And now ...Rd4! would win.} 42. Kxb3 (42. Rb4 $1 $15) 42... Rd2 $19 43. Rh4 Rxe2 {...Rd2 is the strong threat.} 44. Rxh7 $2 (44. Kc3 $17) 44... Rd2 $1 45. Kc3 Rd6 {Hoping for ...Kg4.} 46. Rg7 (46. Rh4 Rd8 47. Kc4) 46... Ke4 $1 47. h4 Kf3 $1 {Threatens to win with ...e4.} 48. g4 $2 (48. h5 $19 Rc6+ 49. Kb2) 48... e4 49. Re7 {[#]} e3 $1 50. g5 fxg5 51. hxg5 e2 52. Rf7+ Ke3 53. Re7+ Kf2 54. Rf7+ Ke1 55. Kc2 Rc6+ 56. Kb2 Rg6 57. Rf5 Kd2 58. Rd5+ Ke3 59. Re5+ Kd3 60. Kb3 {[#]} Rxg5 $3 {[%mdl 512]} 61. Rxg5 e1=Q {KQ-KR} 62. Rd5+ Ke4 63. Rc5 Kd4 64. Rc4+ Kd3 65. Rc6 Qb1+ 66. Ka4 Qb7 67. Rc5 Qb6 68. Rc1 Kd2 69. Rc4 Qa6+ 70. Kb4 Kd3 71. Rc3+ Kd4 72. Rc2 Qb7+ 73. Ka5 Qb1 74. Rc7 Kd5 75. Ka4 Qe4+ 76. Kb3 Qd3+ 77. Kb4 Qd4+ 78. Kb5 Qb2+ 79. Ka4 Qa1+ 80. Kb4 Qe1+ 81. Kb3 Kd4 82. Rc4+ $1 Kd3 83. Rc6 $1 Qb1+ 84. Ka4 Qb7 85. Rc5 $1 Qa6+ 86. Kb4 Qb6+ 87. Rb5 Qd4+ 88. Ka5 Kc3 {[%cal Rd4a7]} 89. Rb6 Qc5+ 90. Ka6 Kc4 91. Kb7 Qd5+ 92. Kc7 Kc5 93. Ra6 {[#]} Qf7+ $2 (93... Qe4 $1 {mates} 94. Ra5+ Kb4 95. Ra6 Qe7+ 96. Kc6 Qe6+ 97. Kb7 Qd7+ 98. Kb8 Qd8+ 99. Kb7 Kb5 100. Ra7 Qd4 101. Kb8 Kb6 102. Rb7+ Ka6 103. Kc8 Qh8+ 104. Kc7 Qg7+ 105. Kd6 Kxb7 106. Kc5 Qg4 107. Kd5 Qf4 108. Kc5 Qd2 109. Kc4 Kc6 110. Kb3 Kc5 111. Ka3 Kc4 112. Ka4 Qb4#) 94. Kd8 $11 {The position is equal.} Qf8+ 95. Kd7 Qf5+ 96. Ke7 $1 Qg5+ 97. Kf7 {Threatening mate with Ra5+.} Qd5+ 98. Re6 $1 Qf5+ 99. Ke7 Kd5 100. Rd6+ Ke5 101. Rc6 Qh7+ 102. Ke8 Qh5+ 103. Ke7 {Rc5+ would kill now.} Qh4+ 104. Kf7 Qd8 105. Rc5+ Ke4 106. Rh5 Qd7+ 107. Kf6 Qd6+ 108. Kf7 Kf4 109. Kg7 Qe7+ 110. Kg6 Kg4 111. Rh6 Qf8 {( -> ...Qg8+)} 112. Kh7 {To avoid Qg8+} Qd8 {What a bad dream for Black.  Weighted Error Value: White=0.60/Black=0.17 (very precise)} 1/2-1/2

[Event "1st Guwahati GM Open 2022"]
[Site "Guwahati"]
[Date "2022.03.16"]
[Round "4.5"]
[White "Gholami Orimi, Mahdi"]
[Black "Mosadeghpour, Masoud"]
[Result "1/2-1/2"]
[WhiteElo "2420"]
[BlackElo "2511"]
[Annotator "TA"]
[PlyCount "61"]
[EventDate "2022.03.15"]
[EventCountry "IND"]
[SourceTitle "playchess.com"]
[Source "ChessBase"]
[SourceQuality "1"]

{[%evp 12,61,21,0,-1,-14,-3,-43,-4,-1,40,33,19,11,13,7,13,0,0,0,0,0,0,0,0,0,0,-4,0,0,0,0,0,0,0,0,0,0,0,0,0,0,0,0,0,0,0,0,0,0,0,0]} 1. d4 Nf6 2. c4 e6 3. g3 d5 4. Bg2 Bb4+ 5. Nd2 O-O 6. Ngf3 dxc4 7. Qc2 (7. a3 $5 {[%cal Ra3b4]} Bxd2+ 8. Bxd2 $11) 7... a5 {E04: Open Catalan: 5 Nf3.} 8. O-O b5 $1 9. a3 Bxd2 {Black is slightly better.} 10. Nxd2 {[#]} Ra7 $146 (10... Nd5 $11 {was preferrable.}) ({Predecessor:} 10... c6 11. a4 Nd5 12. Ne4 Na6 13. Ng5 g6 14. Qe4 Ra7 15. Qh4 f6 16. Nf3 c3 {½-½ (37) Lopez Mulet,I (2302)-Tomczak,M (2387) Mamaia 2017}) 11. b3 $14 {[%cal Bb2b3,Bb3c4][%mdl 32]} Bb7 12. Bxb7 {The position is equal.} Rxb7 {[%cal Ba7b7,Bb7b5,Bb5b3][%mdl 32]} 13. bxc4 Qxd4 14. Bb2 Qg4 15. Bxf6 gxf6 16. Nb3 Nc6 17. cxb5 Rxb5 18. Qxc6 Rxb3 19. Rfe1 Qd4 20. Qxc7 Qe5 21. Qxe5 fxe5 $11 {[%mdl 4096] Endgame KRR-KRR} 22. Rec1 Rd8 23. Rc5 Rd5 24. Rxd5 exd5 {KR-KR} 25. Rc1 Rxa3 26. Rc5 Kg7 27. Rxd5 Kf6 28. Rd6+ Kg7 29. Rd5 Kf6 30. Rd6+ Kg7 31. Rd5 {An interesting draw.  Weighted Error Value: White=0.04 (flawless) /Black=0.04 (flawless)} 1/2-1/2

[Event "1st Guwahati GM Open 2022"]
[Site "Guwahati"]
[Date "2022.03.16"]
[Round "4.6"]
[White "Fawzy, Adham"]
[Black "Shahil Dey"]
[Result "1-0"]
[WhiteElo "2476"]
[BlackElo "2400"]
[Annotator "TA"]
[PlyCount "63"]
[EventDate "2022.03.15"]
[EventCountry "IND"]
[SourceTitle "playchess.com"]
[Source "ChessBase"]
[SourceQuality "1"]

{[%evp 12,63,19,0,11,20,16,0,0,13,0,0,3,0,0,-77,0,0,0,0,0,0,0,0,0,0,0,0,5,4,4,23,23,0,34,30,262,211,247,247,316,241,257,251,400,242,410,400,543,557,29973,29974,5557,5386]} 1. e4 c5 2. Nf3 d6 3. d4 cxd4 4. Nxd4 Nf6 5. Nc3 a6 6. Bg5 Nbd7 7. Bc4 Qb6 {B94: Sicilian Najdorf: 6 Bg5 Nbd7.} 8. Bb3 e6 9. Bxf6 Nxf6 {The position is equal.} 10. Qd2 {10.f4 is not played anymore.} Nd7 11. O-O-O Nc5 12. Rhe1 {[%cal Od4f5]} Bd7 13. Nf5 O-O-O (13... exf5 14. exf5+ Kd8 15. Bxf7 $11 (15. Nd5 Nxb3+ 16. axb3 Qc5 $17)) (13... Nxb3+ $17 14. cxb3 exf5) 14. Nxd6+ $11 Bxd6 15. Qxd6 Nxb3+ {[#]} 16. axb3 $146 ({Predecessor:} 16. cxb3 Qxf2 17. Re2 Qh4 18. Na4 Bxa4 19. Rc2+ Bc6 20. Rxc6+ bxc6 21. Qxc6+ Kb8 22. Qb6+ Kc8 23. Qxa6+ Kb8 24. Qb6+ Kc8 25. Qa6+ Kb8 26. Qb6+ Kc8 {½-½ (26) Poetsch,H (2514)-Donchenko,A (2582) Saarbruecken 2015}) 16... Qxf2 17. Rf1 Qe3+ 18. Kb1 Bb5 19. Nxb5 {[%csl Gb5][%cal Rd6c7]} Rxd6 20. Nxd6+ Kb8 21. Rxf7 Rd8 $1 22. Ka2 $36 {[%mdl 2048] White has the initiative.} Qe2 23. Rd4 (23. Rxb7+ $2 Ka8 24. Rd4 {[#]} Rxd6 $1 $19 {[%mdl 512]}) 23... Qh5 $2 {Black cannot hold the game after this.} (23... b5 $11) 24. Rxb7+ $18 Ka8 {[%cal Od8d6] [#] aiming for ...Rxd6!} 25. Rdb4 $1 {[%cal Oe4e5]} Qc5 {[#]} (25... Rxd6 $2 26. Rb8+ Ka7 27. R4b7#) (25... Qxh2 $2 26. Nc4 Rc8 27. R7b6 $18) (25... Qa5+ 26. Ra4) 26. R7b6 $1 Qa5+ (26... Rxd6 $2 {leads to mate.} 27. Rb8+ Ka7 28. R4b7#) (26... Qxb4 27. Rxb4) 27. Kb1 {Hoping for c3.} Ka7 (27... Rxd6 $2 28. Rb8+ Ka7 29. R4b7#) (27... Qxb4 {was worth a try.} 28. Rxb4 Rxd6) 28. Rb7+ Ka8 {[#]} 29. c3 $1 Qh5 {White must now prevent ...Qd1+.} (29... Rxd6 $2 {gets mated.} 30. Rb8+ Ka7 31. R4b7#) (29... Qxb4 30. cxb4) 30. R4b6 {[%cal Rb6a6]} Qe2 31. Ka2 Qd3 32. e5 {Weighted Error Value: White=0.12 (very precise) /Black=0.72} 1-0

[Event "1st Guwahati GM Open 2022"]
[Site "Guwahati"]
[Date "2022.03.16"]
[Round "4.7"]
[White "Ratnakaran, K.."]
[Black "Karthik Venkataraman"]
[Result "1-0"]
[WhiteElo "2316"]
[BlackElo "2485"]
[Annotator "TA"]
[PlyCount "87"]
[EventDate "2022.03.15"]
[EventCountry "IND"]
[SourceTitle "playchess.com"]
[Source "ChessBase"]
[SourceQuality "1"]

{[%evp 9,87,-1,12,-17,-23,-22,-19,-35,-12,-21,-17,-40,-41,-68,-61,-71,-66,-68,-58,-63,-56,-56,-44,-57,-55,-59,-21,-12,-25,-22,7,7,17,45,54,50,184,162,228,153,309,296,366,358,362,357,358,339,358,239,221,147,147,147,163,163,163,163,163,163,163,163,163,163,163,163,163,163,161,142,359,359,344,308,323,310,293,215,330,211]} 1. e4 c5 2. Nf3 d6 3. c3 Nf6 4. h3 Nc6 5. Bd3 e5 {[#]} 6. c4 $146 {To avoid d5. B50: Sicilian: 2...d6, Miscellaneous.} ({Predecessor:} 6. Qe2 g6 7. a4 Bg7 8. Bc4 O-O 9. d3 a6 10. O-O Rb8 11. Na3 h6 12. Be3 Re8 13. Rfe1 {1-0 (32) Svidler,P (2723)-Giri,A (2764) chess24.com INT 2020}) 6... g6 7. Nc3 Bg7 8. a3 {The position is equal.} O-O 9. Rb1 Nh5 10. Nd5 Ne7 11. Bf1 Nxd5 12. cxd5 f5 13. d3 Nf6 14. Bg5 h6 15. Bxf6 Qxf6 16. Qc2 a5 17. Be2 a4 18. b4 axb3 19. Rxb3 Rf7 20. O-O h5 21. Nd2 Ra7 22. Nc4 Bd7 (22... Bf8 $14) 23. Rb6 $18 fxe4 (23... Qd8 {is a better defense.} 24. Qb2 (24. Rxd6 Rf6 $16) 24... Rf6 25. Rxb7 (25. Nxd6 Be8 $16) (25. Rxd6 b5 $14) 25... Rxb7 26. Qxb7 Bf8) 24. dxe4 {[%cal Bd3e4,Be4e5,Be5e6][%mdl 32]} Ba4 $2 (24... Bf8 $16 25. f4 exf4) 25. Qb1 $1 Rd7 26. f4 $1 exf4 27. e5 $1 Qg5 28. e6 Re7 (28... Bd4+ $2 29. Kh1 Rg7 30. Nxd6) 29. Qe4 ({Weaker is} 29. Rxd6 b5 30. Nd2 (30. Rd8+ Kh7 $15) 30... c4 $16) 29... Be8 30. Nxd6 Rxa3 31. Qxf4 {White is more active.} Qxd5 32. Nxe8 {Really sharp!} Qd4+ {[#]} 33. Qxd4 $1 Bxd4+ 34. Kh1 {And now Nf6+ would win.} Rxe8 35. Rxb7 Rc3 {[#]} 36. Bf3 $1 ({Don't do} 36. e7 $6 c4 $14) 36... Rxf3 37. Rxf3 Rxe6 {[%mdl 4096] Endgame KRR-KRB} 38. Ra3 {Intending Ra8+ and mate.} Kf8 39. g3 Bf6 $2 {This costs Black the game.} (39... Re7 $16 {was called for.} 40. Raa7 Re8) 40. Ra8+ Re8 41. Ra6 Be5 42. Rxg6 c4 43. Rc6 {Prevents Rc8. Threatens to win with Kg2.} c3 (43... Re7 {keeps fighting.}) 44. Kg2 {Weighted Error Value: White=0.11 (very precise) /Black=0.29 (precise)} 1-0

[Event "1st Guwahati GM Open 2022"]
[Site "Guwahati"]
[Date "2022.03.16"]
[Round "4.8"]
[White "Raahul V S"]
[Black "Sai Agni Jeevitesh, J."]
[Result "0-1"]
[WhiteElo "2478"]
[BlackElo "2316"]
[Annotator "TA"]
[PlyCount "60"]
[EventDate "2022.03.15"]
[EventCountry "IND"]
[SourceTitle "playchess.com"]
[Source "ChessBase"]
[SourceQuality "1"]

{[%evp 9,60,16,18,10,30,33,30,18,25,24,36,33,58,40,36,0,0,0,0,0,9,-43,-40,-54,23,-76,-98,-78,-22,-41,-31,-183,-127,-127,-130,-134,-109,-106,-122,-505,-507,-596,-585,-925,-545,-555,-543,-517,-516,-518,-524,-498,-497]} 1. d4 d5 2. c4 c6 3. Nf3 Nf6 4. g3 Bf5 5. Nc3 e6 6. Nh4 {D11: Slav Defence: 3 Nf3 sidelines and 3...Nf6 4 e3 Bg4.} Be4 {6...dxc4 might become the main line.} 7. f3 Bg6 8. Nxg6 {White has an edge.} hxg6 9. Qb3 Qb6 10. c5 Qc7 11. Bf4 Qc8 12. e4 Nh5 $1 13. Ne2 Nxf4 14. Nxf4 Be7 15. Bd3 (15. exd5 $11 cxd5 16. Bb5+ Nc6 17. Nd3) 15... Nd7 $15 {[#]} 16. Qc3 $146 ({Predecessor:} 16. e5 Qc7 17. Qc3 g5 18. Ne2 O-O-O 19. O-O Rh6 20. b4 Rdh8 21. Rf2 f6 22. exf6 Bxf6 23. b5 cxb5 24. Bxb5 Nb8 25. Qe3 {½-½ (25) Almiron,A (2351)-Matsuura,E (2497) Caioba 2018}) 16... a5 (16... dxe4 $15 17. Bxe4 Qc7) 17. O-O (17. exd5 $1 $11 {keeps the balance.} exd5 18. Kf1) 17... e5 $1 $17 18. dxe5 {[#] aiming for e6.} Bxc5+ (18... d4 $1 $17 {[%cal Rd4c3]} 19. Qc4 (19. Qxd4 $2 Bxc5 20. Qxc5 Nxc5 $19) 19... Nxe5 20. Qxd4 Bf6) 19. Kh1 {e6 is the strong threat.} Bb4 $1 20. Qb3 ({Better is} 20. Qd4 $15 Bc5 21. Qc3) 20... Nc5 (20... Nxe5 $19 {Threatens to win with ...g5.} 21. exd5 g5 22. dxc6 gxf4) 21. Qc2 g5 22. Ne2 {[#]} Qh3 $1 {[%csl Gh8][%cal Rh3h2]} 23. Rf2 O-O-O $40 {[%mdl 128] Black attacks with force. Black is more active.} 24. Bb5 $2 {[%mdl 8192]} dxe4 $19 {And now ...Rd2 would win. Black is clearly winning.} (24... cxb5 25. a3 b6 26. axb4 axb4 27. Nd4 dxe4 28. Nxb5 $11) 25. Ng1 Qxg3 26. a3 {[#]} Rd2 $1 {[%mdl 512]} 27. Rxd2 Bxd2 28. Qxd2 Nb3 ({Stronger than} 28... cxb5 29. Rc1 b6 30. b4 Qxe5 31. bxc5 bxc5 32. h3 exf3 33. Qxa5 $11) 29. Qe2 Nxa1 30. Bxc6 Qxe5 {Weighted Error Value: White=0.73/Black=0.25 (precise)} ({Inferior is} 30... bxc6 31. Qa6+ Kd7 32. Qb7+ Ke8 33. Qb8+ Ke7 34. Qd6+ Ke8 35. Qb8+ Ke7 36. Qd6+ Ke8 37. Qb8+ $11) 0-1

[Event "1st Guwahati GM Open 2022"]
[Site "Guwahati"]
[Date "2022.03.16"]
[Round "4.9"]
[White "Kaustuv, Kundu"]
[Black "Mirzoev, Azer"]
[Result "1/2-1/2"]
[WhiteElo "2308"]
[BlackElo "2468"]
[Annotator "TA"]
[PlyCount "74"]
[EventDate "2022.03.15"]
[EventCountry "IND"]
[SourceTitle "playchess.com"]
[Source "ChessBase"]
[SourceQuality "1"]

{[%evp 11,74,0,13,-13,0,0,-11,-17,0,-22,6,0,31,22,43,29,39,18,35,16,21,10,15,21,20,13,21,0,12,0,8,10,26,0,0,0,5,0,0,0,0,0,0,0,0,0,0,0,0,0,0,0,0,0,0,0,0,0,0,0,0,0,0,0,0]} 1. Nf3 d5 2. g3 g6 3. Bg2 Bg7 4. O-O e5 5. c4 d4 6. d3 Ne7 7. e3 {A09: Réti Opening: 1 Nf3 d5 2 c4.} dxe3 8. fxe3 Nbc6 9. Nc3 O-O 10. a3 {[%cal Ba2a3,Ba3b4,Bb4b5][%mdl 32]} h6 11. Rb1 a5 12. b4 axb4 13. axb4 {[#]} Bf5 $146 ({Predecessor:} 13... Be6 14. b5 Na5 15. e4 Qd7 16. Nd5 Nxd5 17. cxd5 Bg4 18. Bd2 b6 19. Qc1 Kh7 {½-½ (44) Sredojevic,I (2386)-Nestorovic,N (2495) Kragujevac 2016}) 14. Ne1 Qd7 15. b5 Nd8 16. Bb2 Bh3 17. Bxh3 Qxh3 18. Ne4 Qe6 ({Don't do} 18... Ra2 19. Qb3 Ra8 20. Ba3 $14) 19. Nf3 (19. Nc2 {seems wilder.} f5 20. Nc5 Qd6 21. d4 c6 22. b6) 19... b6 20. Ra1 Rxa1 21. Qxa1 {[%cal Rb2e5]} f5 22. Ned2 {[%cal Rb2e5]} Nf7 {The position is equal.} 23. d4 exd4 24. exd4 Nc8 25. Re1 Qd7 26. d5 Bxb2 27. Qxb2 Re8 {Inhibits Re6.} 28. Rxe8+ Qxe8 29. Qf6 Kh7 30. Nd4 $40 {[%mdl 128] [#] Threatens to win with Ne6. White is up to no good.} Qe1+ 31. Nf1 Ng5 {( -> ...Nh3+)} 32. h4 $1 Nh3+ 33. Kg2 Qf2+ 34. Kxh3 {Really sharp!} Qxf1+ 35. Kh2 {[#] aiming for Qf7+.} Qf2+ 36. Kh3 {Hoping for Qf7+.} Qf1+ 37. Kh2 {Qf7+ is the strong threat.} Qf2+ {Weighted Error Value: White=0.05 (flawless) /Black=0.04 (flawless)} 1/2-1/2

[Event "1st Guwahati GM Open 2022"]
[Site "Guwahati"]
[Date "2022.03.16"]
[Round "4.10"]
[White "Aaryan Varshney"]
[Black "Krishna C R G"]
[Result "1/2-1/2"]
[WhiteElo "2277"]
[BlackElo "2466"]
[Annotator "TA"]
[PlyCount "60"]
[EventDate "2022.03.15"]
[EventCountry "IND"]
[SourceTitle "playchess.com"]
[Source "ChessBase"]
[SourceQuality "1"]

{[%evp 21,60,61,58,47,50,15,24,22,54,46,55,27,36,9,22,17,10,0,0,0,0,0,0,-49,-41,-36,-34,-53,-35,-40,-28,-28,-28,-35,-35,-35,-35,-37,-17,-41,0]} 1. d4 Nf6 2. c4 g6 3. Nc3 Bg7 4. e4 d6 5. Nf3 {[%cal Bg1f3,Bf3e1,Be1d3,Bd3f2][%mdl 32]} O-O 6. Be2 Nbd7 7. O-O e5 8. Be3 c6 9. d5 c5 10. Ne1 Ne8 11. Nd3 f5 12. exf5 {E94: King's Indian: Classical: 6 Be2 e5 7 0-0: Various Black 7th moves.} gxf5 13. f4 e4 {[#] And now ...Bxc3 would win.} 14. Nf2 {White has an edge.} Ndf6 15. h3 {[#]} Nc7 $146 {[%cal Ob7b5]} ({Predecessor:} 15... a6 16. a4 Kh8 17. g3 Rg8 18. Kg2 b6 19. Rh1 Ra7 20. h4 Re7 21. Nh3 h6 {0-1 (69) Hebert,J (2411)-Cuartas,C (2307) Montreal 2002}) 16. Qd2 h5 17. g3 Bd7 18. a3 a5 19. b3 Qe8 20. a4 {Prevents b5.} Qg6 21. Kh2 Kf7 22. h4 (22. Rac1 $11 {feels stronger.}) 22... Ng4+ 23. Bxg4 hxg4 24. Rae1 Bf6 25. Kg2 Na6 26. Na2 b6 27. Rh1 Qg7 28. Rc1 Rh8 29. Nd1 Rhe8 30. Ndc3 Rh8 {Weighted Error Value: White=0.10 (very precise) /Black=0.07 (flawless)} (30... Ke7 $15) 1/2-1/2

[Event "1st Guwahati GM Open 2022"]
[Site "Guwahati"]
[Date "2022.03.16"]
[Round "4.11"]
[White "Das, Sayantan"]
[Black "Kumar, Gaurav"]
[Result "1-0"]
[WhiteElo "2459"]
[BlackElo "2025"]
[Annotator "TA"]
[PlyCount "79"]
[EventDate "2022.03.15"]
[EventCountry "IND"]
[SourceTitle "playchess.com"]
[Source "ChessBase"]
[SourceQuality "1"]

{[%evp 12,79,6,9,32,45,55,56,91,88,104,100,99,109,89,111,80,74,100,73,85,97,98,64,73,75,115,128,123,95,141,141,103,91,129,113,139,120,216,218,248,219,208,197,198,207,205,211,196,37,181,172,191,191,161,167,197,197,287,232,232,214,324,306,436,424,424,395,534,518]} 1. e4 e5 2. Nf3 Nc6 3. Bb5 {[%cal Bf1b5,Bb5a4,Ba4b3][%mdl 32]} a6 4. Ba4 Nf6 5. Nc3 b5 6. Bb3 Bc5 7. O-O d6 {C77: Ruy Lopez: 3...a6 4 Ba4 Nf6, unusual lines.} 8. Nd5 Nd4 9. Nxd4 {[#]} exd4 $146 {White is slightly better.} ({Predecessor:} 9... Bxd4 10. c3 Ba7 11. Nxf6+ Qxf6 12. Bd5 Rb8 13. Bc6+ Bd7 14. Bxd7+ Kxd7 15. a4 b4 {½-½ (41) Kritz,L (2583)-Sevian,S (2531) Richardson 2015}) 10. d3 {aiming for Bg5.} c6 11. Nxf6+ Qxf6 12. f4 {[%cal Bf2f4,Bf4f5][%mdl 32]} Be6 13. f5 Bxb3 14. axb3 Kd7 15. Bf4 Kc7 16. Qh5 h6 {Prevents Bg5.} 17. Bg3 Rhf8 $1 18. Rfe1 Kb6 19. e5 $1 Qd8 20. Qg4 {White is more active.} Qg5 (20... dxe5 $142 21. Bxe5 (21. Rxe5 Bd6 $16) 21... Rg8) 21. Qf3 $1 $16 {[%cal Ob3b4] Threatens to win with b4!} (21. Qxg5 $6 hxg5 22. exd6 Rad8 $14) 21... dxe5 22. Bxe5 {And now Qf2 would win.} ({Don't take} 22. Rxe5 Bd6 $14) 22... Rfe8 23. Re4 g6 24. Rae1 ({Resist} 24. Bxd4 Bxd4+ 25. Rxd4 Qe3+ 26. Qxe3 Rxe3 $16) 24... Kb7 (24... gxf5 $16 25. Bc7+ Kxc7 26. Rxe8 Rxe8 27. Rxe8 Qc1+ 28. Qf1 Qxc2) 25. fxg6 $18 fxg6 26. Bf4 Rxe4 27. Rxe4 $40 {[%mdl 128] White attacks with force.} Qf6 28. Bxh6 Qxf3 29. gxf3 {[%mdl 4096] Endgame KRB-KRB} a5 30. Bd2 $2 (30. Rg4 $18) 30... b4 {A mistake that costs the game.} (30... a4 $1 $14) 31. Re2 a4 {[#]} 32. bxa4 Rxa4 {[#]} 33. b3 $1 Ra2 34. Bf4 Kb6 (34... Kc8 {was called for.} 35. h4 Kd7) 35. Be5 Kb7 36. Kg2 Bb6 (36... Kc8 $142 37. Kg3 Kd7) 37. f4 ({Weaker is} 37. Bd6 c5 $16) 37... c5 (37... Ra8 {was worth a try.} 38. Kf3 Re8) 38. Kf3 Bd8 39. Rg2 Be7 40. Rxg6 {Weighted Error Value: White=0.15 (very precise) /Black=0.35} 1-0